| 000 | 00498nam a2200181Ia 4500 | ||
|---|---|---|---|
| 999 |
_c14665 _d14665 |
||
| 003 | OSt | ||
| 005 | 20201110094036.0 | ||
| 008 | 190216s9999||||xx |||||||||||||| ||und|| | ||
| 020 | _a9780451191151 | ||
| 040 | _coclc | ||
| 082 |
_a823 _bRAN/F |
||
| 100 |
_aRand, Ayn _96363 |
||
| 245 | 4 |
_aThe Fountainhead / _cAyn Rand |
|
| 260 |
_bCentennial Edition, _aNew York: _c1993. |
||
| 300 | _a704p | ||
| 650 | _aEnglish-Fiction English | ||
| 942 |
_cBK _2ddc _h823 _iRAN/F _k823 _mRAN/F |
||